000 00303nam a22001217a 4500
082 _a510
_bDEE/D
100 _aDEEPA NOTES
245 _aSELF-STUDY MATERIAL ON MATHEMATICS PART II
_bCLASS XII
260 _aDELHI
_bDEEPA & COMPANY
_c2007
300 _a426
650 _aMATHS FOR CLASS XII
_zINDIA
942 _cBK
999 _c654
_d654